000 00744nam a22002177a 4500
003 JO-AjAnu
005 20251015113918.0
008 251014b jo ||||| |||| 00| 0 ara d
020 _a978-9957-94-908-2
022 _a5467/10/2022
040 _aANU
_cJO-AjAnu
041 _hARA
100 _aفيشر، إرنست
_eمؤلف
_966838
245 _aضرورة الفن
_c / إرنست فيشر ؛ ترجمة اسعد حليم
260 _aعمان :
_bوزارة الثقافة،
_c2022
300 _a297 صفحة
490 _v مكتبة الأسرة الأردنية القراءة للجميع ؛ 16
650 _vالنقد الفني-فلسفة الفن
700 _aحليم، أسعد
_eمترجم
_966839
942 _2lcc
_cBK
_n0
999 _c34093
_d34093